000 00606nam a2200181Ia 4500
008 151202s9999||||xx |||||||||||||| ||und||
082 _bPNVM-72120
100 _a---
245 _aपर्‍यांच्या अदभुत दुनियेत.
260 _bपरी प्रकाशन कोल्हापूर.
260 _c72120
300 _a168
600 _a---
630 _aपर्‍यांच्या अदभुत दुनियेत.
700 _a---
730 _aपर्‍यांच्या अदभुत दुनियेत.
942 _cBOOK
999 _c1338788
_d1338785